Les coachs qui ont gagné la Premier League depuis 1990 - Statistiques

Statistiques générales
  • Ce quiz a été pris 222 fois
    102 depuis la dernière actualisation
  • Le résultat moyen est 27 sur 34
Statistiques - réponses
Année Entraîneur Club Nationalité % Correct
2018 Pep Guardiola Manchester City Espagne
100%
2019 Pep Guardiola Manchester City Espagne
100%
2021 Pep Guardiola Manchester City Espagne
100%
2022 Pep Guardiola Manchester City Espagne
100%
2023 Pep Guardiola Manchester City Espagne
100%
2005 José Mourinho Chelsea FC Portugal
94%
2006 José Mourinho Chelsea FC Portugal
94%
2015 José Mourinho Chelsea FC Portugal
94%
1993 Sir Alex Ferguson Manchester United Écosse
93%
1994 Sir Alex Ferguson Manchester United Écosse
93%
1996 Sir Alex Ferguson Manchester United Écosse
93%
1997 Sir Alex Ferguson Manchester United Écosse
93%
1999 Sir Alex Ferguson Manchester United Écosse
93%
2000 Sir Alex Ferguson Manchester United Écosse
93%
2001 Sir Alex Ferguson Manchester United Écosse
93%
2003 Sir Alex Ferguson Manchester United Écosse
93%
2007 Sir Alex Ferguson Manchester United Écosse
93%
2008 Sir Alex Ferguson Manchester United Écosse
93%
2009 Sir Alex Ferguson Manchester United Écosse
93%
2011 Sir Alex Ferguson Manchester United Écosse
93%
2013 Sir Alex Ferguson Manchester United Écosse
93%
1998 Arsène Wenger Arsenal FC France
92%
2002 Arsène Wenger Arsenal FC France
92%
2004 Arsène Wenger Arsenal France
92%
2020 Jürgen Klopp Liverpool FC Allemagne
92%
2017 Antonio Conte Chelsea FC Italie
78%
2016 Claudio Ranieri Leicester City Italie
78%
2012 Roberto Mancini Manchester City Italie
67%
2014 Manuel Pellegrini Manchester City Chili
49%
2010 Carlo Ancelotti Chelsea FC Italie
48%
1990 Kenny Dalglish Liverpool FC Écosse
28%
1995 Kenny Dalglish Blackburn Rovers Écosse
28%
1991 George Graham Arsenal FC Angleterre
3%
1992 Howard Wilkinson Leeds United Angleterre
0%
Aucun quiz correspondant
Distribution des résultats
% des personnes avec chaque résultat
Percentile par nombre de réponses
Votre historique - résultats
Vous n’avez pas pris ce quiz depuis la dernière actualisation